=LDR 00000nam 2200000 4500 =001 INLIS000000000050629 =005 20200304075312 =035 ##$$a 0010-0517000282 =007 ta =008 200304################g##########0#ind## =020 ##$$a 978-979-2409-60-0 =082 ##$$a 297.5 =084 ##$$a 297.5 ATT n =100 #$$a AtTuwaijiri, Muhammad bin Ibrahim =245 1#$$a Neraca kehidupan /$c Muhammad bin Ibrahim At- Tuwaijiri =250 ##$$a Cet.1 =260 ##$$a Jakarta :$b Griya Ilmu,$c 2015 =300 ##$$a viii, 254 hlm. ; $c 14 x 21 cm =650 #4$$a Akhlak =990 ##$$a 31701102 =990 ##$$a 31701101